Contemporary sociology / (Record no. 89691)

MARC details
000 -LEADER
fixed length control field 00914nam a22002537a 4500
005 - DATE AND TIME OF LATEST TRANSACTION
control field 20180226160757.0
010 ## - LCCN (DPL NO)
LC control number BAC-EN21 ENG-112020
020 ## - INTERNATIONAL STANDARD BOOK NUMBER
International Standard Book Number 9788131605851
Terms of availability 995.00
035 ## - SYSTEM CONTROL NUMBER
System control number EN-95552
035 ## - SYSTEM CONTROL NUMBER
System control number B-586991-994
035 ## - SYSTEM CONTROL NUMBER
System control number B-664881
037 ## - SOURCE OF ACQUISITION
Source of stock number/acquisition Mallika Books/Ven
Stock number dpl
037 ## - SOURCE OF ACQUISITION
Source of stock number/acquisition DBAD/PUB
082 ## - DEWEY DECIMAL CLASSIFICATION NUMBER
Classification number 301
100 ## - MAIN ENTRY--PERSONAL NAME
Personal name Rawat, H. K.
245 ## - TITLE STATEMENT
Title Contemporary sociology /
Statement of responsibility, etc by H. K. Rawat
260 ## - PUBLICATION, DISTRIBUTION, ETC. (IMPRINT)
Place of publication, distribution, etc New Delhi
Name of publisher, distributor, etc Rawat Publications
Date of publication, distribution, etc 2013
270 ## - ADDRESS
Address 4858/24, Ansari Road, Daryaganj
City New Delhi
Postal code 110002
300 ## - PHYSICAL DESCRIPTION
Extent xii,420p.
Dimensions 24cm(Hb)
Other physical details i
500 ## - GENERAL NOTE
General note Includes bibliographical references and index
942 ## - ADDED ENTRY ELEMENTS (KOHA)
Source of classification or shelving scheme Dewey Decimal Classification
Item type English Books
Call number suffix RAW
Classification part 301
Holdings
Withdrawn status Lost status Not for loan Collection code Home library Current library Date acquired Source of acquisition Cost, normal purchase price Full call number Barcode Copy number Cost, replacement price Koha item type
      Non-fiction Ashok Vihar Ashok Vihar 26/02/2018 Mallika/60/4.3.2017/16-17/AV/423/15.2.2017/7.3.2017 995.00 301 RAW B-664881 1 995.00 English Books
      Non-fiction Bawana Bawana 21/05/2015 Mallika Books/71/17.12.2014/178/08.12.2014/30.12.2014 995.00 301 RAW B-586994 1 995.00 English Books
      Non-fiction Central Library Central Library 21/05/2015 Mallika Books/71/17.12.2014/178/08.12.2014/30.12.2014 995.00 301 RAW B-586991 1 995.00 English Books
    Not For Loan Non-fiction D.B.Act.Division D.B.Act.Division 29/01/2015 DBAD/PUB 995.00 301 RAW EN-95552 1 995.00 English Books
      Non-fiction Janak Puri Janak Puri 21/05/2015 Mallika Books/71/17.12.2014/178/08.12.2014/30.12.2014 995.00 301 RAW B-586993 1 995.00 English Books
      Non-fiction Patel Nagar Patel Nagar 21/05/2015 Mallika Books/71/17.12.2014/178/08.12.2014/30.12.2014 995.00 301 RAW B-586992 1 995.00 English Books

© Delhi Public Library
Hit Counter
free hit counter